[Event "Xtracon Open 2019"]
[Site "Helsingor"]
[Date "2019.07.26"]
[Round "8.13"]
[White "Matthiesen, Martin"]
[Black "Saltvedt, Martin"]
[Result "1-0"]
[WhiteElo "2239"]
[BlackElo "1984"]
[Annotator "NA"]
[PlyCount "81"]
[EventDate "2019.07.19"]
[EventType "swiss"]
[EventCountry "DEN"]
[SourceTitle "playchess.com"]
[Source "ChessBase"]
[SourceQuality "1"]

1. e4 c5 2. Nf3 g6 3. d4 cxd4 4. Nxd4 Bg7 5. c4 Nc6 6. Be3 d6 7. Nc3 Nf6 8. Be2 O-O 9. O-O Nd7 10. Qd2 Nc5 11. Rfd1 Be6 12. Nxe6 Nxe6 13. Rab1 Rc8 14. f3 b6 15. Bf1 Qd7 16. Nd5 Rfd8 17. Rbc1 Qb7 18. Qf2 Nc7 19. Bg5 Ne6 20. Be3 Nc7 21. b3 Rd7 22. Qh4 Ne6 23. Rd2 h5 24. Rcd1 Rcd8 25. Qf2 Ne5 26. h3 Nc5 27. Qh4 f6 28. Be2 Kf7 29. f4 Nc6 30. f5 Rh8 31. fxg6+ Kf8 32. Rf1 Ne5 33. b4 Ne6 34. Qg3 h4 35. Qf2 Bh6 36. Bxh6+ Rxh6 37. Nxf6 Kg7 38. Nxd7 Qxd7 39. Bg4 Rxg6 40. Bf5 Rg3 41. Qe2 1-0

[Event "Xtracon Open 2019"]
[Site "Helsingor"]
[Date "2019.07.26"]
[Round "8.13"]
[White "Holm, Ragnar"]
[Black "Knudsen, Ole"]
[Result "1-0"]
[WhiteElo "2142"]
[BlackElo "1969"]
[Annotator "NA"]
[PlyCount "99"]
[EventDate "2019.07.19"]
[EventType "swiss"]
[EventCountry "DEN"]
[SourceTitle "playchess.com"]
[Source "ChessBase"]
[SourceQuality "1"]

1. d4 d5 2. c4 c6 3. Nc3 e6 4. Nf3 Nf6 5. Bg5 h6 6. Bxf6 Qxf6 7. e3 Bb4 8. Rc1 O-O 9. Bd3 Nd7 10. O-O Re8 11. e4 Bxc3 12. Rxc3 dxe4 13. Bxe4 Qf4 14. Bb1 c5 15. Re1 b6 16. d5 e5 17. Re4 Qf6 18. Rce3 Qd6 19. Re1 f5 20. R4e2 e4 21. Nd2 Nf6 22. f3 Qe5 23. Nf1 Ba6 24. b3 Qf4 25. Qd2 Qxd2 26. Nxd2 exf3 27. Nxf3 g6 28. Re6 Kf7 29. Ne5+ Kg7 30. Nc6 Kf7 31. Re7+ Kf8 32. R1e6 Rxe7 33. Rxe7 Re8 34. Rxa7 Bxc4 35. bxc4 Re1+ 36. Kf2 Rxb1 37. Ra8+ Kf7 38. Ne5+ Kg7 39. Ra7+ Kg8 40. Nxg6 Rb2+ 41. Kf3 Ne4 42. Kf4 Rf2+ 43. Ke5 Rxg2 44. Ne7+ Kf8 45. Nxf5 Nd2 46. Kf6 Ne4+ 47. Ke5 Nd2 48. d6 Nxc4+ 49. Kf6 Ke8 50. Ng7+ 1-0

[Event "Xtracon Open 2019"]
[Site "Helsingor"]
[Date "2019.07.26"]
[Round "8.14"]
[White "Percivaldi, Martin"]
[Black "Jaksland, Tim"]
[Result "1-0"]
[WhiteElo "2379"]
[BlackElo "2230"]
[Annotator "NA"]
[PlyCount "117"]
[EventDate "2019.07.19"]
[EventType "swiss"]
[EventCountry "DEN"]
[SourceTitle "playchess.com"]
[Source "ChessBase"]
[SourceQuality "1"]

1. e4 c5 2. Nf3 d6 3. g3 Nc6 4. Bg2 Nf6 5. d3 g6 6. O-O Bg7 7. c3 O-O 8. Nbd2 e5 9. a3 Rb8 10. b4 b6 11. Bb2 Re8 12. b5 Na5 13. c4 Nh5 14. Ne1 Rf8 15. Bc3 Bd7 16. Bxa5 bxa5 17. a4 Bh6 18. Nb3 Ng7 19. Nc2 Ne6 20. Qe1 Kg7 21. Nxa5 Kh8 22. Rb1 Qg5 23. Nb3 f5 24. f3 f4 25. g4 Qd8 26. h4 Bg7 27. Kh2 h6 28. Rh1 Bf6 29. Kg1 Kg7 30. h5 gxh5 31. Rxh5 Bg5 32. Rh1 Rh8 33. Qa5 Qe7 34. Kf2 Ra8 35. Ra1 Rhb8 36. Na3 Qf7 37. Qd2 Rh8 38. Nb1 Nc7 39. Nc3 Bxg4 40. Rag1 Be6 41. Bh3 Kf6 42. Na5 Bh4+ 43. Kf1 Bg3 44. Qg2 h5 45. Nd5+ Bxd5 46. exd5 Nxd5 47. cxd5 Qxd5 48. Qe2 Qd4 49. Rxg3 fxg3 50. Kg2 d5 51. Nc6 Qf4 52. Rc1 c4 53. dxc4 e4 54. Rf1 e3 55. cxd5 Rhe8 56. Rd1 Qd6 57. Rd4 Kg6 58. Be6 h4 59. Qc2+ 1-0

[Event "Xtracon Open 2019"]
[Site "Helsingor"]
[Date "2019.07.26"]
[Round "8.14"]
[White "Shehzad, Shazil"]
[Black "Kucuksari, Kaan"]
[Result "0-1"]
[WhiteElo "2088"]
[BlackElo "2310"]
[Annotator "NA"]
[PlyCount "88"]
[EventDate "2019.07.19"]
[EventType "swiss"]
[EventCountry "DEN"]
[SourceTitle "playchess.com"]
[Source "ChessBase"]
[SourceQuality "1"]

1. e4 Nf6 2. e5 Nd5 3. d4 d6 4. c4 Nb6 5. exd6 exd6 6. Nc3 Be7 7. Bd3 Nc6 8. Nge2 O-O 9. O-O Bf6 10. Be3 Nb4 11. b3 Nxd3 12. Qxd3 c6 13. Ng3 d5 14. c5 Nd7 15. Nf5 Nxc5 16. dxc5 Bxf5 17. Qxf5 Bxc3 18. Rad1 Re8 19. g3 Re4 20. Rd3 Bb4 21. a3 Ba5 22. Qxe4 dxe4 23. Rxd8+ Rxd8 24. Bf4 Rd3 25. b4 Bd8 26. Re1 f5 27. g4 g6 28. a4 Kf7 29. b5 Be7 30. bxc6 bxc6 31. gxf5 gxf5 32. Be3 Ra3 33. Rb1 Rxa4 34. Rb7 Ke6 35. Rc7 Ra6 36. Kg2 h6 37. Bxh6 Bxc5 38. Bg7 Ra2 39. h4 Rxf2+ 40. Kh1 Rf1+ 41. Kg2 Rf2+ 42. Kh1 Rf1+ 43. Kg2 Rg1+ 44. Kh3 Bd6 0-1

[Event "Xtracon Open 2019"]
[Site "Helsingor"]
[Date "2019.07.26"]
[Round "8.15"]
[White "Malmstig, Erik"]
[Black "Vesterli, Michael E."]
[Result "0-1"]
[WhiteElo "2357"]
[BlackElo "2221"]
[Annotator "TA"]
[PlyCount "82"]
[EventDate "2019.07.19"]
[EventType "swiss"]
[EventCountry "DEN"]
[SourceTitle "playchess.com"]
[Source "ChessBase"]
[SourceQuality "1"]

1. d4 Nf6 2. Nf3 g6 3. g3 Bg7 4. Bg2 O-O 5. O-O d6 6. Nc3 Nbd7 7. e4 e5 8. h3 c6 9. a4 Qc7 10. Re1 Re8 11. a5 Rb8 12. Bg5 h6 13. Be3 b5 14. axb6 axb6 15. Qc1 Kh7 16. d5 b5 17. Ra7 Bb7 18. Nd2 Ra8 19. dxc6 Qxc6 20. Bf1 b4 21. Nb5 Reb8 22. c4 Nxe4 23. Rxb7 Qxb7 24. Nxe4 Qxe4 25. Nxd6 Qc6 26. Nxf7 e4 27. Bxh6 Rf8 28. Ng5+ Kxh6 29. Rxe4 Bf6 30. Ne6+ Kh7 31. Nxf8+ Rxf8 32. Bg2 Qc5 33. Qd2 Rd8 34. Qf4 Kg7 35. Re6 Bxb2 36. Be4 Bf6 37. Rc6 Qe5 38. Qg4 Nf8 39. Rb6 Rd4 40. Rb7+ Be7 41. f3 Rd1+ 0-1

[Event "Xtracon Open 2019"]
[Site "Helsingor"]
[Date "2019.07.26"]
[Round "8.15"]
[White "Soraas, Torben"]
[Black "Liabotro, Ola"]
[Result "1-0"]
[WhiteElo "2266"]
[BlackElo "2081"]
[Annotator "NA"]
[PlyCount "45"]
[EventDate "2019.07.19"]
[EventType "swiss"]
[EventCountry "DEN"]
[SourceTitle "playchess.com"]
[Source "ChessBase"]
[SourceQuality "1"]

1. e4 d5 2. exd5 Qxd5 3. d4 Nc6 4. Nf3 Bg4 5. Be2 O-O-O 6. Be3 e5 7. c4 Qa5+ 8. Bd2 Qa6 9. c5 Bxf3 10. gxf3 b5 11. dxe5 Nd4 12. b4 Ne7 13. Nc3 Qg6 14. Kf1 Nef5 15. Nxb5 Qh5 16. Qa4 Qh3+ 17. Ke1 Qg2 18. Rf1 Nxf3+ 19. Bxf3 Qxf3 20. Nxa7+ Kb8 21. Nc6+ Kc8 22. Qa8+ Kd7 23. Nb8+ 1-0

[Event "Xtracon Open 2019"]
[Site "Helsingor"]
[Date "2019.07.26"]
[Round "8.16"]
[White "Jorgensen, Brian Jorgen"]
[Black "Schweitzer, Werner"]
[Result "1-0"]
[WhiteElo "2251"]
[BlackElo "2072"]
[Annotator "NA"]
[PlyCount "45"]
[EventDate "2019.07.19"]
[EventType "swiss"]
[EventCountry "DEN"]
[SourceTitle "playchess.com"]
[Source "ChessBase"]
[SourceQuality "1"]

1. c4 c6 2. Nf3 Nf6 3. Nc3 d5 4. e3 a6 5. Be2 e6 6. b3 Nbd7 7. Bb2 Bd6 8. d4 b5 9. Qc2 O-O 10. a3 Qe7 11. O-O Bb7 12. c5 Bc7 13. e4 dxe4 14. Nxe4 Nxe4 15. Qxe4 e5 16. Nxe5 Nxe5 17. dxe5 Rae8 18. f4 f6 19. b4 fxe5 20. Bd3 g6 21. fxe5 Rxf1+ 22. Rxf1 Bxe5 23. Re1 1-0

[Event "Xtracon Open 2019"]
[Site "Helsingor"]
[Date "2019.07.26"]
[Round "8.16"]
[White "Hinrichs, Lars"]
[Black "Pantzar, Milton"]
[Result "1/2-1/2"]
[WhiteElo "2234"]
[BlackElo "2357"]
[Annotator "NA"]
[PlyCount "84"]
[EventDate "2019.07.19"]
[EventType "swiss"]
[EventCountry "DEN"]
[SourceTitle "playchess.com"]
[Source "ChessBase"]
[SourceQuality "1"]

1. e4 e5 2. Nf3 Nc6 3. d4 exd4 4. Bc4 Nf6 5. e5 Ng4 6. O-O Be7 7. Re1 d6 8. e6 O-O 9. Nxd4 Nxd4 10. exf7+ Kh8 11. Qxd4 Bf6 12. Qe4 Ne5 13. Nc3 c6 14. Bd3 Nxd3 15. Qxd3 d5 16. Ne2 Qe7 17. Rb1 Bd7 18. Be3 Qxf7 19. b4 Bh4 20. Ng3 b6 21. a4 Rab8 22. Bd4 Bf6 23. Qc3 Bxd4 24. Qxd4 Rbc8 25. Qd2 c5 26. b5 d4 27. Re5 Rce8 28. Rbe1 Kg8 29. f3 Rxe5 30. Rxe5 Re8 31. Qe1 Kf8 32. Qe4 g6 33. Kf2 Bc8 34. Rxe8+ Qxe8 35. Qf4+ Kg7 36. Qc7+ Kh8 37. Ne4 Bf5 38. Nd6 Qe3+ 39. Kg3 Qe1+ 40. Kf4 Qe3+ 41. Kg3 Qe5+ 42. Kf2 Qe3+ 1/2-1/2

[Event "Xtracon Open 2019"]
[Site "Helsingor"]
[Date "2019.07.26"]
[Round "8.16"]
[White "Lilja, Richard"]
[Black "Pedersen, Lars Foldager"]
[Result "1-0"]
[WhiteElo "2126"]
[BlackElo "1967"]
[Annotator "NA"]
[PlyCount "63"]
[EventDate "2019.07.19"]
[EventType "swiss"]
[EventCountry "DEN"]
[SourceTitle "playchess.com"]
[Source "ChessBase"]
[SourceQuality "1"]

1. e4 Nf6 2. e5 Nd5 3. Nc3 Nxc3 4. dxc3 d6 5. Bf4 dxe5 6. Qxd8+ Kxd8 7. O-O-O+ Nd7 8. Bxe5 f6 9. Bf4 e5 10. Be3 b6 11. Bb5 Bd6 12. Ne2 Ke7 13. Bc6 Rb8 14. f4 exf4 15. Bxf4 Bxf4+ 16. Nxf4 Ne5 17. Ba4 c5 18. Bb5 Bg4 19. Rde1 Kf7 20. Rhf1 Bd7 21. Nd3 Nxd3+ 22. Bxd3 Rbe8 23. Bc4+ Be6 24. Bb5 Rd8 25. Rf4 Rd6 26. Rfe4 f5 27. Re5 Kf6 28. b4 a6 29. Bxa6 cxb4 30. cxb4 Ra8 31. Bd3 Rxa2 32. Rxe6+ 1-0

[Event "Xtracon Open 2019"]
[Site "Helsingor"]
[Date "2019.07.26"]
[Round "8.17"]
[White "Huse, Sigurd Kjelsbol"]
[Black "Henningsen, Lasse"]
[Result "0-1"]
[WhiteElo "2122"]
[BlackElo "1963"]
[Annotator "NA"]
[PlyCount "54"]
[EventDate "2019.07.19"]
[EventType "swiss"]
[EventCountry "DEN"]
[SourceTitle "playchess.com"]
[Source "ChessBase"]
[SourceQuality "1"]

1. e4 e5 2. Nf3 Nc6 3. Bb5 a6 4. Bxc6 dxc6 5. O-O Bg4 6. h3 Bh5 7. d3 Bd6 8. Be3 c5 9. Nbd2 Ne7 10. a4 Qd7 11. Nb3 b6 12. Qe2 O-O 13. Rfe1 f5 14. Bg5 fxe4 15. Nxe5 Qf5 16. Qxh5 Qxe5 17. Rxe4 Qh2+ 18. Kf1 Qh1+ 19. Ke2 Qxg2 20. Be3 Nf5 21. Kd1 Nxe3+ 22. Rxe3 Rxf2 23. a5 Rf1+ 24. Re1 Rxe1+ 25. Kxe1 Rf8 26. Qe2 Bg3+ 27. Kd1 Rf1+ 0-1

[Event "Xtracon Open 2019"]
[Site "Helsingor"]
[Date "2019.07.26"]
[Round "8.17"]
[White "AIM Tolgay Pekin"]
[Black "Grove, Peter"]
[Result "1-0"]
[WhiteElo "2070"]
[BlackElo "2239"]
[Annotator "NA"]
[PlyCount "95"]
[EventDate "2019.07.19"]
[EventType "swiss"]
[EventCountry "DEN"]
[SourceTitle "playchess.com"]
[Source "ChessBase"]
[SourceQuality "1"]

1. e4 c5 2. Nf3 Nc6 3. Bb5 g6 4. Bxc6 bxc6 5. O-O Bg7 6. Re1 Nf6 7. c3 O-O 8. d4 cxd4 9. cxd4 d5 10. e5 Ne4 11. Nbd2 Nxd2 12. Bxd2 Qb6 13. Re3 Bg4 14. Bc3 a5 15. h3 Bxf3 16. Rxf3 e6 17. Qb3 Qa6 18. Rc1 Bh6 19. Rd1 Rfc8 20. h4 c5 21. h5 a4 22. Qc2 cxd4 23. Rxd4 Rc4 24. hxg6 hxg6 25. b3 axb3 26. axb3 Qa1+ 27. Rd1 Rxc3 28. Rxc3 Qa6 29. Rc6 Qb5 30. Rc8+ Rxc8 31. Qxc8+ Kg7 32. Qc3 Bg5 33. g3 Be7 34. Ra1 Qe2 35. Ra8 Qe4 36. Qc8 Kh6 37. Qh8+ Kg5 38. Qh4+ Qxh4 39. gxh4+ Kf5 40. Ra7 Bxh4 41. Rxf7+ Kxe5 42. Rg7 Kf4 43. b4 d4 44. Rd7 Kf3 45. Kf1 e5 46. b5 e4 47. Rf7+ Kg4 48. b6 1-0

[Event "Xtracon Open 2019"]
[Site "Helsingor"]
[Date "2019.07.26"]
[Round "8.18"]
[White "Sonis, Francesco"]
[Black "Nielsen, Andre"]
[Result "1/2-1/2"]
[WhiteElo "2498"]
[BlackElo "2229"]
[Annotator "ChessBase"]
[PlyCount "95"]
[EventDate "2019.07.19"]
[EventType "swiss"]
[EventCountry "DEN"]
[SourceTitle "playchess.com"]
[Source "ChessBase"]
[SourceQuality "1"]

1. Nf3 d5 2. e3 Nf6 3. c4 e6 4. b3 Be7 5. Bb2 O-O 6. Nc3 b6 7. g3 Bb7 8. Bg2 c5 9. O-O Nc6 10. d3 dxc4 11. bxc4 Nb4 12. Ne1 Bxg2 13. Kxg2 Qd7 14. a3 Nc6 15. f4 a6 16. Kg1 Rab8 17. a4 Rfd8 18. Qe2 Ne8 19. Rd1 Nd6 20. Nf3 Bf6 21. g4 g6 22. Nd2 Bg7 23. Nde4 f5 24. Nxd6 Qxd6 25. gxf5 exf5 26. Nd5 Ne7 27. Bxg7 Kxg7 28. Qb2+ Kf7 29. e4 b5 30. axb5 axb5 31. e5 bxc4 32. exd6 Rxb2 33. Nxe7 Rxd6 34. Nc8 Rc6 35. dxc4 Rxc8 36. Rd7+ Kf6 37. Ra1 Re8 38. Rxh7 Rc2 39. Ra6+ Re6 40. Rxe6+ Kxe6 41. Rg7 Kf6 42. Rc7 Rxc4 43. Kg2 Rc2+ 44. Kg3 c4 45. h3 c3 46. Kh4 Rc1 47. Rc6+ Kg7 48. Rc7+ 1/2-1/2

[Event "Xtracon Open 2019"]
[Site "Helsingor"]
[Date "2019.07.26"]
[Round "8.18"]
[White "Sigeman, Johan"]
[Black "Skovgaard, Tom"]
[Result "1-0"]
[WhiteElo "2120"]
[BlackElo "1954"]
[Annotator "NA"]
[PlyCount "47"]
[EventDate "2019.07.19"]
[EventType "swiss"]
[EventCountry "DEN"]
[SourceTitle "playchess.com"]
[Source "ChessBase"]
[SourceQuality "1"]

1. d4 Nf6 2. c4 e6 3. Nf3 d5 4. g3 Be7 5. Bg2 O-O 6. O-O dxc4 7. a4 c5 8. dxc5 Bxc5 9. Qc2 Nc6 10. Qxc4 b6 11. Nc3 Bb7 12. Bg5 Na5 13. Qh4 h6 14. Bxh6 gxh6 15. b4 Be7 16. bxa5 Rc8 17. Rad1 Qc7 18. Nb5 Qc4 19. Rd4 Qxe2 20. Qxh6 Rc4 21. Nc3 Bxf3 22. Nxe2 Bxe2 23. Rxc4 Bxc4 24. Qg5+ 1-0

[Event "Xtracon Open 2019"]
[Site "Helsingor"]
[Date "2019.07.26"]
[Round "8.19"]
[White "Schmidt, Kristen"]
[Black "Rostgaard, Tobias Valentin"]
[Result "1/2-1/2"]
[WhiteElo "2225"]
[BlackElo "2390"]
[Annotator "NA"]
[PlyCount "115"]
[EventDate "2019.07.19"]
[EventType "swiss"]
[EventCountry "DEN"]
[SourceTitle "playchess.com"]
[Source "ChessBase"]
[SourceQuality "1"]

1. e4 e5 2. Nf3 Nc6 3. Bc4 Nf6 4. d4 exd4 5. O-O Nxe4 6. Re1 d5 7. Bxd5 Qxd5 8. Nc3 Qa5 9. Nxe4 Be6 10. Bd2 Bb4 11. Bxb4 Qxb4 12. a3 Qc4 13. b3 Qb5 14. Nxd4 Nxd4 15. Qxd4 O-O 16. Qc5 Qb6 17. Rad1 h6 18. b4 Rae8 19. Re3 Bc8 20. Rde1 Qxc5 21. Nxc5 Rxe3 22. Rxe3 Rd8 23. Rd3 Re8 24. Re3 Rxe3 25. fxe3 Kf8 26. Kf2 Ke7 27. e4 Kd6 28. Ke3 b6 29. Nd3 c5 30. bxc5+ bxc5 31. c4 Be6 32. Nb2 g5 33. g3 f6 34. Kf3 Bh3 35. Ke3 Bg2 36. Nd3 a6 37. Nb2 a5 38. Nd3 Bh3 39. Kf3 h5 40. Ke3 Bd7 41. Nb2 Bc6 42. h4 Bd7 43. Kf3 Be8 44. Ke3 Bc6 45. Nd3 Ba4 46. e5+ fxe5 47. hxg5 Be8 48. Nf2 Bg6 49. Ne4+ Kc6 50. Kf3 Bf7 51. Nf6 Bxc4 52. g6 Kd6 53. g7 Ke7 54. g8=Q Bxg8 55. Nxg8+ Kf7 56. Nh6+ Kg6 57. Ng8 Kf7 58. Nh6+ 1/2-1/2

[Event "Xtracon Open 2019"]
[Site "Helsingor"]
[Date "2019.07.26"]
[Round "8.20"]
[White "Schwarz, Frank"]
[Black "Fantinel, Thibault"]
[Result "1/2-1/2"]
[WhiteElo "2224"]
[BlackElo "2374"]
[Annotator "NA"]
[PlyCount "74"]
[EventDate "2019.07.19"]
[EventType "swiss"]
[EventCountry "DEN"]
[SourceTitle "playchess.com"]
[Source "ChessBase"]
[SourceQuality "1"]

1. d4 d5 2. Bf4 Nf6 3. e3 c5 4. Nf3 Nc6 5. Nc3 Bg4 6. Be2 e6 7. O-O Bxf3 8. Bxf3 cxd4 9. exd4 Bd6 10. Bxd6 Qxd6 11. Qd2 O-O 12. Rfd1 Rfc8 13. Ne2 b5 14. a3 Qd8 15. Nf4 Na5 16. Nd3 Nc4 17. Qe2 a5 18. c3 Qb6 19. g3 Ra7 20. h4 Nd6 21. Bg2 Nd7 22. Re1 Nb7 23. Nf4 Qc6 24. g4 Raa8 25. g5 Nf8 26. Nd3 Nd7 27. h5 g6 28. Qg4 Re8 29. Re3 Nd6 30. Rae1 Nf5 31. R3e2 Qd6 32. Nf4 Nb6 33. Nd3 Nd7 34. Nf4 Re7 35. Nd3 Rb8 36. Bh3 Ree8 37. Qf3 Nh4 1/2-1/2

[Event "Xtracon Open 2019"]
[Site "Helsingor"]
[Date "2019.07.26"]
[Round "8.21"]
[White "Van den Bersselaar, Jeroen"]
[Black "Gandrud, Vegar Koi"]
[Result "1-0"]
[WhiteElo "2161"]
[BlackElo "2351"]
[Annotator "NA"]
[PlyCount "85"]
[EventDate "2019.07.19"]
[EventType "swiss"]
[EventCountry "DEN"]
[SourceTitle "playchess.com"]
[Source "ChessBase"]
[SourceQuality "1"]

1. d4 Nf6 2. Nf3 g6 3. Bg5 Bg7 4. Nbd2 O-O 5. c3 d6 6. e4 Nbd7 7. Bc4 h6 8. Bh4 e5 9. O-O c6 10. Bb3 Qc7 11. a4 Rb8 12. Qc2 g5 13. Bg3 Nh5 14. dxe5 dxe5 15. Nc4 Nc5 16. Ba2 Be6 17. b4 Nxg3 18. hxg3 b5 19. axb5 Bxc4 20. Bxc4 cxb5 21. Bd5 Na4 22. c4 Rfc8 23. Qb3 Nb6 24. c5 Nxd5 25. Qxd5 Rd8 26. Qb3 Qb7 27. Rfe1 g4 28. Nh4 Rd4 29. Nf5 Rxe4 30. Rxe4 Qxe4 31. Nd6 Qg6 32. Rxa7 Rf8 33. Nxf7 Kh7 34. Nxe5 Qf5 35. Qd3 Kg8 36. Qxf5 Rxf5 37. Nxg4 Rd5 38. c6 Rd1+ 39. Kh2 Rc1 40. c7 Kh7 41. Nf6+ Kg6 42. Nd7 Rc6 43. Ra6 1-0

[Event "Xtracon Open 2019"]
[Site "Helsingor"]
[Date "2019.07.26"]
[Round "8.22"]
[White "Jacobsen, Mikkel Manosri"]
[Black "Le Besq, Alexander"]
[Result "1-0"]
[WhiteElo "2343"]
[BlackElo "2149"]
[Annotator "TA"]
[PlyCount "95"]
[EventDate "2019.07.19"]
[EventType "swiss"]
[EventCountry "DEN"]
[SourceTitle "playchess.com"]
[Source "ChessBase"]
[SourceQuality "1"]

1. d4 Nf6 2. c4 g6 3. Nc3 Bg7 4. Nf3 O-O 5. g3 d6 6. Bg2 c6 7. O-O Re8 8. e4 Qc7 9. h3 e5 10. Be3 Na6 11. Qc2 Bd7 12. Rad1 Rad8 13. Rfe1 Qc8 14. Kh2 b6 15. a3 Nc7 16. b4 Qa6 17. Qb3 h6 18. a4 Nh7 19. d5 cxd5 20. cxd5 f5 21. b5 Qb7 22. Nd2 Rf8 23. Nc4 Ne8 24. exf5 gxf5 25. f4 e4 26. Na2 Nhf6 27. Nb4 Rf7 28. Rd2 Rc8 29. Nc6 Nxd5 30. Rxd5 Bxc6 31. bxc6 Qxc6 32. Nd2 Qd7 33. Nb1 Nf6 34. Rd2 d5 35. Bf1 Qd6 36. Red1 Rd7 37. Bd4 Qe6 38. Bb5 Rdc7 39. Ba6 Re8 40. Be5 Rc5 41. Qe3 Rd8 42. Nc3 Kh7 43. Bd4 Rc7 44. Bxf6 Bxf6 45. Nxd5 Rxd5 46. Rxd5 Rc3 47. Rd7+ Kg6 48. Qe2 1-0

[Event "Xtracon Open 2019"]
[Site "Helsingor"]
[Date "2019.07.26"]
[Round "8.23"]
[White "Christensen, Lasse"]
[Black "Gong, Patrick"]
[Result "1-0"]
[WhiteElo "2158"]
[BlackElo "2336"]
[Annotator "NA"]
[PlyCount "105"]
[EventDate "2019.07.19"]
[EventType "swiss"]
[EventCountry "DEN"]
[SourceTitle "playchess.com"]
[Source "ChessBase"]
[SourceQuality "1"]

1. d4 Nf6 2. Nc3 d6 3. e4 g6 4. Nf3 Bg7 5. Be2 O-O 6. O-O c6 7. h3 Qc7 8. a4 e5 9. Be3 Nbd7 10. dxe5 Nxe5 11. Nd2 Re8 12. f4 Ned7 13. Bf3 b6 14. Re1 Ba6 15. g4 h6 16. Kg2 Rad8 17. Qc1 Nf8 18. Nf1 Re7 19. Ng3 Rde8 20. h4 Bc8 21. f5 gxf5 22. gxf5 Kh7 23. Qd2 N8d7 24. Rad1 Ne5 25. Qxd6 Qb7 26. Qd2 c5 27. Qf2 Rg8 28. Kh3 Nfg4 29. Bxg4 Nxg4 30. Qf3 Bxc3 31. bxc3 Qc6 32. Bf4 Qxa4 33. Rd6 Qxc2 34. Re2 Qb1 35. Bg5 Rd7 36. Rxd7 Bxd7 37. Qxg4 hxg5 38. Qh5+ Kg7 39. Qxg5+ Kh7 40. Qh5+ Kg7 41. Rd2 Qb5 42. Qd1 Be8 43. Nh5+ Kf8 44. Nf6 Rh8 45. Nxe8 Qc4 46. Nc7 Rxh4+ 47. Kxh4 Qxe4+ 48. Kg3 Qe3+ 49. Kg2 Qg5+ 50. Kh1 Qh4+ 51. Kg1 Qg3+ 52. Rg2 Qxc7 53. f6 1-0

[Event "Xtracon Open 2019"]
[Site "Helsingor"]
[Date "2019.07.26"]
[Round "8.24"]
[White "Tryggestad, Andreas Garberg"]
[Black "Colbow, Collin"]
[Result "1-0"]
[WhiteElo "2336"]
[BlackElo "2167"]
[Annotator "TA"]
[PlyCount "91"]
[EventDate "2019.07.19"]
[EventType "swiss"]
[EventCountry "DEN"]
[SourceTitle "playchess.com"]
[Source "ChessBase"]
[SourceQuality "1"]

1. d4 Nf6 2. c4 g6 3. Nc3 Bg7 4. Nf3 d6 5. g3 O-O 6. Bg2 Nc6 7. O-O e5 8. d5 Ne7 9. e4 Nd7 10. Bd2 a5 11. a3 Nc5 12. b4 axb4 13. axb4 Rxa1 14. Qxa1 Nb3 15. Qa7 Bg4 16. Be3 Qa8 17. Qxa8 Rxa8 18. Nb5 Bxf3 19. Bxf3 Nd4 20. Bxd4 exd4 21. Rd1 Ra4 22. Rb1 d3 23. Nxc7 Ra2 24. Nb5 Be5 25. Rd1 d2 26. Be2 g5 27. c5 dxc5 28. bxc5 Rc2 29. Na3 Rc3 30. Nc4 Bd4 31. Rxd2 Bxc5 32. Rb2 Kf8 33. Rxb7 Rc2 34. Kf1 Rc1+ 35. Kg2 Rc2 36. Rb2 Rxb2 37. Nxb2 f5 38. f3 g4 39. Nd3 Bd4 40. d6 Nc6 41. exf5 gxf3+ 42. Kxf3 Ne5+ 43. Ke4 Nxd3 44. Kxd4 Nb4 45. Bb5 Nc2+ 46. Ke4 1-0

[Event "Xtracon Open 2019"]
[Site "Helsingor"]
[Date "2019.07.27"]
[Round "9"]
[White "Salerno, Christian"]
[Black "Zheng, Harry Z"]
[Result "1-0"]
[WhiteElo "2047"]
[BlackElo "1597"]
[Annotator "NA"]
[PlyCount "127"]
[EventDate "2019.??.??"]
[EventCountry "DEN"]
[SourceTitle "playchess.com"]
[Source "ChessBase"]
[SourceQuality "1"]

1. e4 e5 2. Nf3 Nc6 3. Bc4 Bc5 4. b4 Bxb4 5. c3 Ba5 6. d4 exd4 7. O-O Nge7 8. Ng5 d5 9. exd5 Ne5 10. Qxd4 f6 11. Bb3 Bb6 12. Qe4 Bf5 13. Qa4+ Qd7 14. Qxd7+ Bxd7 15. Ne4 O-O-O 16. Ba3 N7g6 17. Nbd2 Nf4 18. Nc5 Bxc5 19. Bxc5 Ne2+ 20. Kh1 Nxc3 21. Rac1 Ne2 22. Bxa7 Nxc1 23. Rxc1 Nd3 24. Rc3 Rde8 25. h3 Nb4 26. Nc4 Kd8 27. Na5 Re1+ 28. Kh2 Bc8 29. d6 c6 30. Rg3 g6 31. Bd4 Rf8 32. Bc5 Na6 33. Bb6+ Kd7 34. Nc4 Re2 35. a3 Re1 36. Rd3 Rfe8 37. Ba5 R8e5 38. Nb6+ Kd8 39. Nd5+ Ke8 40. Nxf6+ Kf8 41. Bxe1 Nc5 42. Bb4 Nd7 43. Nxd7+ Bxd7 44. Rf3+ Ke8 45. Bf7+ Kd8 46. Bc3 Rc5 47. Bf6+ Kc8 48. g4 g5 49. Bg8 h6 50. Bd4 b6 51. Bxc5 bxc5 52. a4 c4 53. Bxc4 h5 54. Ba6+ Kb8 55. Rf8+ Ka7 56. Rf7 Kxa6 57. Rxd7 hxg4 58. Rc7 g3+ 59. Kxg3 g4 60. d7 gxh3 61. d8=Q h2 62. Rxc6+ Kb7 63. Qd7+ Kb8 64. Rc8# 1-0

[Event "Xtracon Open 2019"]
[Site "Helsingor"]
[Date "2019.07.27"]
[Round "9"]
[White "Sorensen, Bernhard W."]
[Black "Wiberg, Jonas"]
[Result "1-0"]
[WhiteElo "1567"]
[BlackElo "1700"]
[Annotator "NA"]
[PlyCount "107"]
[EventDate "2019.??.??"]
[EventCountry "DEN"]
[SourceTitle "playchess.com"]
[Source "ChessBase"]
[SourceQuality "1"]

1. d4 Nf6 2. Bf4 e6 3. e3 c5 4. c3 d5 5. Bd3 Nc6 6. Nd2 Be7 7. h3 Qb6 8. Rb1 Bd7 9. Ngf3 Rc8 10. O-O h6 11. Re1 O-O 12. Ne5 Rfd8 13. Ndf3 Be8 14. Nh2 Nxe5 15. Bxe5 Nd7 16. Bf4 f5 17. g4 g5 18. Bg3 c4 19. Bc2 Bg6 20. gxf5 exf5 21. Qf3 Qe6 22. Qg2 Nf6 23. f3 Qf7 24. Be5 Bd6 25. f4 Bxe5 26. dxe5 Ne4 27. Bxe4 dxe4 28. fxg5 hxg5 29. Qxg5 Rd5 30. Qg3 Qe6 31. Rbd1 Rcd8 32. Rd4 Rxd4 33. cxd4 Kf7 34. Qh4 Rc8 35. Rf1 b5 36. Qxe4 Ke8 37. Qb7 Qd7 38. Qxd7+ Kxd7 39. Rc1 Ke6 40. Kf2 Kd5 41. Nf3 Be8 42. Ng5 Bd7 43. Kf3 a5 44. h4 b4 45. h5 c3 46. bxc3 bxc3 47. h6 Kc4 48. Nf7 Bc6+ 49. Ke2 Rb8 50. Nd6+ Kd5 51. Rxc3 Rb2+ 52. Kd3 Bb5+ 53. Nxb5 Rxb5 54. Rc5+ 1-0

[Event "Xtracon Open 2019"]
[Site "Helsingor"]
[Date "2019.07.27"]
[Round "9.1"]
[White "Sargissian, Gabriel"]
[Black "Tari, Aryan"]
[Result "1/2-1/2"]
[WhiteElo "2681"]
[BlackElo "2620"]
[Annotator "TA"]
[PlyCount "41"]
[EventDate "2019.07.19"]
[EventType "swiss"]
[EventCountry "DEN"]
[SourceTitle "playchess.com"]
[Source "ChessBase"]
[SourceQuality "1"]

1. d4 Nf6 2. c4 g6 3. Nf3 Bg7 4. Nc3 d5 5. h4 O-O 6. cxd5 Nxd5 7. h5 c5 8. hxg6 hxg6 9. Bh6 Nxc3 10. bxc3 Bxh6 11. Rxh6 cxd4 12. Qd2 Kg7 13. cxd4 Nc6 14. Rh4 Rh8 15. Rxh8 Qxh8 16. Rb1 Kg8 17. e3 Qf6 18. Be2 b6 19. d5 Ne5 20. Rc1 Bf5 21. Nxe5 1/2-1/2